[Event "Ukraine Chess Championship-2016 U12 (Boy"]
[Site "Bucha, Kyiv region"]
[Date "2016.05.22"]
[Round "6.1"]
[White "Larkin, Vladislav"]
[Black "Palchuk, Andrii"]
[Result "1/2-1/2"]
[WhiteElo "1915"]
[BlackElo "1537"]
[PlyCount "96"]
[EventDate "2016.05.18"]

1. d4 f5 2. Nc3 Nf6 3. Nf3 g6 4. Bg5 Bg7 5. h4 O-O 6. Bxf6 Bxf6 7. h5 g5 8. Nd5
h6 9. Nxf6+ exf6 10. Qd3 d5 11. e3 Be6 12. Qb3 Qc8 13. c4 c6 14. cxd5 cxd5 15.
Bd3 Nc6 16. O-O Qd7 17. Rac1 Bf7 18. Rc5 b6 19. Bxf5 Qxf5 20. Rxc6 Bxh5 21. Nd2
Kg7 22. Rfc1 Rac8 23. Qc2 Rxc6 24. Qxc6 Rf7 25. Nf1 Qd7 26. Ng3 Bg6 27. b4 h5
28. b5 h4 29. Ne2 Bd3 30. Nc3 Qf5 31. Qxd5 Qxd5 32. Nxd5 Bxb5 33. Nc7 Bd7 34.
f3 Rf8 35. d5 Rc8 36. d6 Kf7 37. e4 b5 38. Rc5 a5 39. Kf2 Rb8 40. e5 fxe5 41.
Rxe5 Kf6 42. Re7 Bc6 43. Ne6 Re8 44. Rc7 Kxe6 45. Rxc6 Kd5 46. d7 Rd8 47. Ra6
Rxd7 48. Rxa5 Kc4 1/2-1/2

[Event "Ukraine Chess Championship-2016 U12 (Boy"]
[Site "Bucha, Kyiv region"]
[Date "2016.05.22"]
[Round "6.2"]
[White "Bondar, Dmytro"]
[Black "Smirnov, Maksym"]
[Result "1-0"]
[WhiteElo "1906"]
[BlackElo "1548"]
[PlyCount "113"]
[EventDate "2016.05.18"]

1. e4 e5 2. Nf3 Nc6 3. Bb5 a6 4. Ba4 Nf6 5. O-O d6 6. Re1 Be7 7. d4 exd4 8.
Nxd4 Bd7 9. Bxc6 bxc6 10. c4 c5 11. Nf3 Be6 12. Qd3 O-O 13. Nc3 Nd7 14. Bf4 Bf6
15. Rad1 Ne5 16. Nxe5 Bxe5 17. Bxe5 dxe5 18. Qe3 Qe7 19. Nd5 Bxd5 20. Rxd5 Rfd8
21. Qxc5 Qxc5 22. Rxc5 Rd2 23. Rxc7 Rxb2 24. Rd1 Rab8 25. g3 Rxa2 26. Rdd7 Rf8
27. Re7 a5 28. Rxe5 a4 29. Ra5 a3 30. e5 g6 31. Raa7 Re2 32. Rxa3 Rxe5 33. c5
Re1+ 34. Kg2 Rc1 35. c6 Kg7 $11 36. Kf3 Kf6 37. Kf4 Ke6 38. Kg5 Kd6 39. Raa7
Rxc6 40. Rxc6+ Kxc6 41. Kf6 Rd8 42. Rxf7 Rd5 43. Rxh7 Rf5+ 44. Kxg6 Rxf2 45. g4
Kd6 46. h4 Ke6 47. g5 Rd2 48. Rh8 Ke7 49. Kg7 Rd5 50. g6 Rd6 51. h5 Ke6 52. Kh7
Kf6 53. Rf8+ Kg5 54. Ra8 Rd7+ 55. g7 Rf7 56. Rf8 Rxf8 57. gxf8=Q 1-0

[Event "Ukraine Chess Championship-2016 U12 (Boy"]
[Site "Bucha, Kyiv region"]
[Date "2016.05.22"]
[Round "6.3"]
[White "Ovsepyan, Marat"]
[Black "Domalchuk-Jonasson, Aleksandr"]
[Result "1/2-1/2"]
[WhiteElo "1832"]
[BlackElo "1496"]
[PlyCount "92"]
[EventDate "2016.05.18"]

1. c4 e6 2. Nf3 Nf6 3. g3 b6 4. Bg2 Bb7 5. O-O Be7 6. d4 O-O 7. Nc3 d6 8. Re1
Nbd7 9. e4 e5 10. d5 Ne8 11. Qc2 g6 12. Bh6 Ng7 13. Nd2 Bg5 14. Bxg5 Qxg5 15.
Nb5 Qd8 16. Bh3 a6 17. Nc3 f5 18. b4 Bc8 19. Nb3 Nf6 20. Bg2 fxe4 21. Nxe4 Nxe4
22. Qxe4 Bf5 23. Qe3 Bc2 24. Nc1 g5 25. Ne2 a5 26. a3 axb4 27. axb4 Rxa1 28.
Rxa1 Qf6 29. Rf1 Qg6 30. Rc1 Bd3 31. c5 bxc5 32. bxc5 Bxe2 33. Qxe2 Nf5 34.
cxd6 cxd6 35. Qe4 Qf7 36. Rf1 h5 37. f4 exf4 38. gxf4 g4 39. Qe6 Re8 40. Qxf7+
Kxf7 41. Rc1 Nd4 42. Rc4 Re1+ 43. Kf2 Re2+ 44. Kg1 Rd2 $11 45. Rc7+ Kf6 46. Rh7
Nf5 1/2-1/2

[Event "Ukraine Chess Championship-2016 U12 (Boy"]
[Site "Bucha, Kyiv region"]
[Date "2016.05.22"]
[Round "6.4"]
[White "Melkumiants, Alexandr"]
[Black "Tarasenko, Vladislav"]
[Result "1-0"]
[WhiteElo "1822"]
[BlackElo "1838"]
[PlyCount "163"]
[EventDate "2016.05.18"]

1. c4 e5 2. g3 Nf6 3. Bg2 d5 4. cxd5 Nxd5 5. Nf3 Nc6 6. d3 Be7 7. O-O O-O 8.
Nc3 Nb6 9. Be3 Re8 10. Rc1 Bf8 11. Ne4 Nd4 12. Bxd4 exd4 13. Ned2 Be6 14. Nb3
Bxb3 15. Qxb3 c6 16. Rfe1 Qd7 17. Nd2 Rad8 18. Nc4 Nxc4 19. Qxc4 Re5 20. Rb1
Rde8 21. Bf3 a5 22. a3 Rc5 23. Qa4 Rce5 24. Qc2 R8e6 25. Bg4 f5 26. Bf3 Rh6 27.
Qc4+ Kh8 28. Qc1 Bd6 29. Qc4 Bc7 30. Qc1 Ree6 31. Qc5 Ref6 32. b4 b6 33. Qc4 b5
34. Qc5 a4 35. Rbc1 g5 36. Bxc6 Qxc6 37. Qe7 Qd6 38. Rxc7 Qxe7 39. Rxe7 Rc6 40.
Re5 Rc3 41. Ra1 Rhc6 42. Rxb5 Rc1+ 43. Rxc1 Rxc1+ 44. Kg2 Rc3 45. Rxf5 Rxa3 46.
Rxg5 Rb3 47. Ra5 Rxb4 48. Ra7 Kg8 49. Kf3 Kh8 50. Ke4 Rb2 51. Rxa4 Rxe2+ 52.
Kf3 Re1 53. Rxd4 Kg7 54. Rd6 Rh1 55. h4 Rd1 56. Ke2 Ra1 57. f4 Rg1 58. Kf2 Rd1
59. Kf3 Rf1+ 60. Kg4 Rg1 61. f5 h5+ 62. Kf4 Rf1+ 63. Kg5 Rf3 64. Kxh5 Kf7 65.
g4 Kg7 66. Rd7+ Kf8 67. Kg6 Rg3 68. g5 Rh3 69. h5 Rh2 70. f6 Re2 71. Rd8+ Re8
72. Rxe8+ Kxe8 73. Kg7 Kd7 74. f7 Kc6 75. f8=Q Kd5 76. Qb4 Kc6 77. Kf6 Kd5 78.
Qc4+ Kd6 79. d4 Kd7 80. Qc5 Kd8 81. Ke6 Ke8 82. Qc8# 1-0

[Event "Ukraine Chess Championship-2016 U12 (Boy"]
[Site "Bucha, Kyiv region"]
[Date "2016.05.22"]
[Round "6.5"]
[White "Mitusov, Semen"]
[Black "Bilych, Olexiy"]
[Result "1-0"]
[WhiteElo "1608"]
[BlackElo "1886"]
[PlyCount "89"]
[EventDate "2016.05.18"]

1. e4 c5 2. c3 Nf6 3. e5 Nd5 4. d4 cxd4 5. cxd4 d6 6. Nf3 Nc6 7. Bc4 dxe5 8.
dxe5 e6 9. O-O Be7 10. Qe2 O-O 11. Rd1 Qa5 12. Qe4 Rd8 13. Bd3 g6 14. Bc4 b6
15. Bg5 Ba6 16. Bxd5 Rxd5 17. Nc3 Rxd1+ 18. Rxd1 Rc8 19. Qh4 Qb4 20. Ne4 h5 21.
Bxe7 Qxe7 22. Nf6+ Kg7 23. h3 Rd8 24. Rc1 Nxe5 25. Nxh5+ Kf8 26. Qxe7+ Kxe7 27.
Nxe5 gxh5 28. Nc6+ Ke8 29. Nxd8 Kxd8 30. Rc3 Bb7 31. Re3 Bd5 32. a3 f6 33. Rg3
a5 34. Rg6 Ke7 35. Rh6 b5 36. Rxh5 Kd6 37. Rh8 Kc5 38. Rb8 Bc4 39. h4 Bd3 40.
h5 Kc4 41. h6 b4 42. axb4 axb4 43. f3 e5 44. Kf2 e4 45. f4 1-0

[Event "Ukraine Chess Championship-2016 U12 (Boy"]
[Site "Bucha, Kyiv region"]
[Date "2016.05.23"]
[Round "7.3"]
[White "Tarasenko, Vladislav"]
[Black "Mitusov, Semen"]
[Result "0-1"]
[WhiteElo "1838"]
[BlackElo "1608"]
[PlyCount "106"]
[EventDate "2016.05.18"]

1. e4 e5 2. Nf3 Nc6 3. Bc4 Bc5 4. O-O Nf6 5. d3 d6 6. c3 Qe7 7. Nbd2 h6 8. Re1
Bg4 9. Nf1 Bb6 10. Ng3 Nh5 11. Be3 Nf4 12. h3 Bd7 13. d4 g5 14. dxe5 dxe5 15.
Bxb6 axb6 16. Nf5 Qf6 17. Qc2 O-O-O 18. a4 h5 19. a5 bxa5 20. Bb5 g4 21. Bxc6
Bxc6 22. hxg4 hxg4 23. Nh2 Nxg2 24. Rec1 a4 25. Rxa4 Bxa4 26. Qxa4 Nf4 27. Qa8+
Kd7 28. Rd1+ Kc6 29. Qa4+ Kb6 30. Ra1 $11 Ra8 31. Qb4+ Kc6 32. Qc4+ Kd7 33.
Rd1+ Kc8 34. Nd6+ Kb8 35. Nf5 g3 36. fxg3 Qb6+ 37. Kf1 Rxh2 38. Rd8+ Ka7 39.
Qa4+ Qa6+ 40. Qxa6+ bxa6 41. Rxa8+ Kxa8 42. gxf4 exf4 43. b3 Rh3 44. b4 Rxc3
45. Ke2 Rc4 46. Kf3 Rxb4 47. Kxf4 a5 48. Nh6 a4 49. Nxf7 a3 50. Ne5 a2 51. Nc6
Rb6 52. Nd4 a1=Q 53. Nf5 Rf6 0-1

[Event "Ukraine Chess Championship-2016 U12 (Boy"]
[Site "Bucha, Kyiv region"]
[Date "2016.05.23"]
[Round "7.4"]
[White "Domalchuk-Jonasson, Aleksandr"]
[Black "Melkumiants, Alexandr"]
[Result "0-1"]
[WhiteElo "1496"]
[BlackElo "1822"]
[PlyCount "82"]
[EventDate "2016.05.18"]

1. d4 Nf6 2. Nf3 g6 3. c4 c5 4. e3 Bg7 5. b3 O-O 6. Bb2 cxd4 7. Nxd4 Nc6 8. Be2
Nxd4 9. Bxd4 d6 10. Bf3 Rb8 11. Bxa7 Qa5+ 12. Qd2 Qxa7 13. Nc3 Bg4 14. Bxg4
Nxg4 15. O-O Qc5 16. Rad1 Qe5 17. g3 Qxc3 18. Qe2 Ne5 19. f4 Nc6 20. Rd3 Qa5
21. Rfd1 Ra8 22. R3d2 Qa3 23. Qg2 Qc5 24. Qf3 Ra3 25. Rd5 Qb6 26. Rb5 Qc7 27.
Rd2 Rfa8 28. Qg2 R8a7 29. g4 Qc8 30. h4 Qa8 31. Qf3 Rxa2 32. Rd3 Rb2 33. Rbd5
Nb4 34. Rd2 Nxd5 35. Rxb2 Bxb2 36. Qxd5 Ra1+ 37. Kf2 Qa2 38. Kf3 Bf6 39. Qd3
Qh2 40. e4 Qh3+ 41. Ke2 Ra2+ 0-1

[Event "Ukraine Chess Championship-2016 U12 (Boy"]
[Site "Bucha, Kyiv region"]
[Date "2016.05.23"]
[Round "7.5"]
[White "Smirnov, Maksym"]
[Black "Ovsepyan, Marat"]
[Result "1-0"]
[WhiteElo "1548"]
[BlackElo "1832"]
[PlyCount "135"]
[EventDate "2016.05.18"]

1. e4 c5 2. Nf3 Nc6 3. Bb5 g6 4. O-O Bg7 5. Re1 e5 6. d3 Nge7 7. Nc3 O-O 8. Be3
d6 9. Nd5 Nxd5 10. exd5 Ne7 11. Bc4 f5 12. Bxc5 b5 13. Bb3 dxc5 14. d6+ Kh8 15.
dxe7 Qxe7 16. Bd5 Rb8 17. Qd2 Qd6 18. c4 bxc4 19. Bxc4 Bb7 20. Ng5 Bd5 21. Rad1
h6 22. Nh3 Bxc4 23. dxc4 Qd4 24. Qxd4 cxd4 25. b3 a5 26. f3 a4 27. Rd3 axb3 28.
axb3 Rfe8 29. Nf2 Bf6 30. g3 Re7 31. Kg2 Rbe8 32. Rd2 e4 33. fxe4 fxe4 34. Rde2
e3 35. Nd3 Kg7 36. Kf3 h5 37. Rb2 g5 38. Ke2 h4 39. gxh4 gxh4 40. b4 Rc7 41. c5
Rb8 42. b5 Kf7 43. c6 Rb6 44. Ra1 h3 45. Rb3 Rcxc6 46. bxc6 Rxb3 47. c7 Rc3 48.
Rc1 Rxc7 49. Rxc7+ Kg6 50. Kf3 Bg5 51. Rc6+ Kf5 52. Rc5+ Kf6 53. Rd5 e2 54.
Kxe2 Be3 55. Rh5 Kg6 56. Rxh3 Kg5 57. Rh8 Kg4 58. h4 Kf5 59. h5 Kg5 60. Ne5 Kf6
61. Ng4+ Kg7 62. Rb8 Bf4 63. Rb7+ Kg8 64. h6 Kh8 65. Nf6 d3+ 66. Kd1 Bc7 67.
Rxc7 d2 68. Rc8# 1-0

[Event "Ukraine Chess Championship-2016 U12 (Bo"]
[Site "Bucha"]
[Date "2016.05.23"]
[Round "7.1"]
[White "Palchuk, Andrii"]
[Black "Bondar, Dmytro"]
[Result "0-1"]
[WhiteElo "1537"]
[BlackElo "1906"]
[PlyCount "128"]
[EventDate "2016.??.??"]

1. d4 d5 2. Nf3 Nf6 3. e3 c5 4. Be2 Nc6 5. O-O Bg4 6. b3 e6 7. Bb2 Be7 8. dxc5
Bxc5 9. Nbd2 O-O 10. c4 Qe7 11. h3 Bh5 12. Nd4 Bxe2 13. Qxe2 Rfd8 14. Nxc6 bxc6
15. e4 d4 16. Qd3 e5 17. f4 exf4 18. Rxf4 Bd6 19. Rff1 c5 20. Rfe1 Nd7 21. Rad1
Bf4 22. Nf1 a5 23. Qf3 Be5 24. Qe2 Rdb8 25. Qd3 Nf6 26. Nd2 Nd7 27. Nf3 a4 28.
Ra1 Qd6 29. Red1 Bf4 30. Kh1 Rb7 31. Bc1 Bxc1 32. Raxc1 axb3 33. axb3 Ra3 34.
Rb1 Qb8 35. Nd2 g6 36. Ra1 Rba7 37. Rxa3 Rxa3 38. Rb1 Qb4 39. Kg1 Ra2 40. Nf3
Kg7 41. Kf1 Qb8 42. Kg1 Qg3 43. Qf1 Nf6 44. Re1 Nh5 45. Ra1 Rxa1 46. Qxa1 Nf4
47. Qb2 Nxh3+ 48. Kf1 Ng5 49. Nxg5 Qxg5 50. b4 Qf4+ 51. Kg1 Qe3+ 52. Kh1 Qc3
53. Qf2 Qxb4 54. Qf4 Qb6 55. Qe5+ Qf6 56. Qxc5 Qf1+ 57. Kh2 Qf4+ 58. Kh1 Qxe4
59. Qd6 d3 60. c5 Qe1+ 61. Kh2 d2 62. Qd4+ f6 63. Qd7+ Kh6 64. Qh3+ Kg5 0-1

[Event "Ukraine Chess Championship-2016 U12 (Boy"]
[Site "Bucha, Kyiv region"]
[Date "2016.05.24"]
[Round "8.1"]
[White "Larkin, Vladislav"]
[Black "Bondar, Dmytro"]
[Result "1-0"]
[WhiteElo "1915"]
[BlackElo "1906"]
[PlyCount "103"]
[EventDate "2016.05.18"]

1. d4 d5 2. Nc3 Nf6 3. Bf4 c6 4. f3 Bf5 5. g4 Bg6 6. h4 h5 7. g5 Nfd7 8. Qd2 e6
9. a3 Nb6 10. e4 Bd6 11. Nh3 Bxf4 12. Nxf4 Qd6 13. O-O-O N8d7 14. exd5 exd5 15.
Re1+ Kd8 16. Nxg6 fxg6 17. Bd3 Kc7 18. Qh2 Qxh2 19. Rxh2 Raf8 20. Rf1 Nc4 21.
Bxg6 Ne3 22. Rff2 Nf5 23. Bxf5 Rxf5 24. Rh1 Rhf8 25. Rh3 Re8 26. Ne2 g6 27. f4
Rf7 28. Kd2 Rfe7 29. Ng3 Re3 30. Re2 Rxe2+ 31. Nxe2 Kd6 32. Re3 Rf8 33. Rf3 c5
34. c3 c4 35. Ng3 Ke6 36. f5+ Kd6 37. Rf1 gxf5 38. Rxf5 Rxf5 39. Nxf5+ Kc6 40.
g6 Nf6 41. g7 Ng8 42. Ng3 Kd6 43. Nxh5 Ke6 44. Nf4+ Kf6 45. Nxd5+ Kxg7 46. Ke3
Kg6 47. Kf4 Nh6 48. Ne3 b5 49. d5 Nf7 50. Nf5 Kf6 51. Ng3 Ke7 52. Ne4 1-0

[Event "Ukraine Chess Championship-2016 U12 (Boy"]
[Site "Bucha, Kyiv region"]
[Date "2016.05.24"]
[Round "8.2"]
[White "Ovsepyan, Marat"]
[Black "Palchuk, Andrii"]
[Result "0-1"]
[WhiteElo "1832"]
[BlackElo "1537"]
[PlyCount "196"]
[EventDate "2016.05.18"]

1. d4 f5 2. Nc3 Nf6 3. Bg5 e6 4. e4 fxe4 5. Nxe4 Be7 6. Bxf6 Bxf6 7. Qh5+ g6 8.
Qh6 Qe7 9. Nxf6+ Qxf6 10. O-O-O d6 11. h4 Nd7 12. Nf3 Qf8 13. Qe3 Nf6 14. g3
Bd7 15. Bh3 O-O-O 16. Bxe6 Ng4 17. Bxd7+ Rxd7 18. Qe2 Re7 19. Ne5 Nf6 20. f4
dxe5 21. dxe5 Nd7 22. Qe3 Nb6 23. Rd3 Qf7 24. Kb1 Rd7 25. Ra3 Qd5 26. Rc1 a6
27. Rc3 Kb8 28. Rd3 Qb5 29. Rxd7 Qxd7 30. e6 Qe7 31. Re1 Re8 32. Qe5 Nc4 33.
Qc3 Nd6 34. b3 Nb5 35. Qe5 Nd6 36. h5 gxh5 37. Qxh5 Qf6 38. Qe5 Qg6 39. Re3 Nf5
40. Rc3 $11 Qg7 41. Rc5 Qxe5 42. Rxe5 Nxg3 43. Ra5 Ne4 44. Re5 Nf6 45. e7 Kc8
46. Rf5 Ng8 47. Rf7 h6 48. f5 Kd7 49. Rg7 Kd6 50. f6 Nxf6 51. Rg6 Ke6 52. Rxh6
Rxe7 53. Kb2 Ke5 54. a4 Kf5 55. Rh3 Ng4 56. Rc3 c6 57. Rd3 Ne5 58. Rd6 Rd7 59.
Rh6 Kg5 60. Rh3 Kg4 61. Re3 Kf4 62. Rh3 Ng4 63. Rh8 Ne3 64. Rf8+ Ke4 65. Re8+
Kf3 66. Rf8+ Ke2 67. Kc3 Kd1 68. Rh8 Kc1 69. Rh3 Nd1+ 70. Kb4 Kd2 71. Rh2+ Kc1
72. c4 b6 73. Rh6 c5+ 74. Ka3 a5 75. Rxb6 Rd2 76. b4 axb4+ 77. Rxb4 cxb4+ 78.
Kxb4 Rd8 79. a5 Nb2 80. c5 Rb8+ 81. Kc3 Na4+ 82. Kc4 Ra8 83. Kb5 Nxc5 84. Kxc5
Rxa5+ 85. Kb4 Rh5 86. Kc4 Rh3 87. Kd4 Kd2 88. Ke4 Ra3 89. Kf4 Ke2 90. Kg4 Kf2
91. Kh4 Rg3 92. Kh5 Ke3 93. Kh4 Rg1 94. Kh5 Kf4 95. Kh6 Kf5 96. Kh7 Kf6 97. Kh8
Kf7 98. Kh7 Rh1# 0-1

[Event "Ukraine Chess Championship-2016 U12 (Boy"]
[Site "Bucha, Kyiv region"]
[Date "2016.05.24"]
[Round "8.3"]
[White "Melkumiants, Alexandr"]
[Black "Smirnov, Maksym"]
[Result "1/2-1/2"]
[WhiteElo "1822"]
[BlackElo "1548"]
[PlyCount "76"]
[EventDate "2016.05.18"]

1. c4 e6 2. Nf3 d5 3. g3 Nf6 4. Bg2 Be7 5. O-O O-O 6. d4 c6 7. Qc2 Nbd7 8. Nbd2
b6 9. e4 dxe4 10. Nxe4 Bb7 11. Nxf6+ Nxf6 12. Rd1 Qc7 13. Bf4 Bd6 14. Bxd6 Qxd6
15. c5 bxc5 16. dxc5 Qc7 17. Nd4 Nd5 18. Qa4 Rac8 19. Rac1 a5 20. Rd3 Nb4 21.
Rd2 Rfd8 22. a3 Nd5 23. Nb3 Ra8 24. Rcd1 h6 25. h4 Kf8 26. Bf3 Kg8 27. Be4 Rdb8
28. Bc2 Qe5 29. Rd4 Qe2 30. R1d2 Qe5 $11 31. Kh2 Qc7 32. Rd1 Ba6 33. R4d2 Bb5
34. Qe4 Nf6 35. Qf3 Bc4 36. Nd4 Bd5 37. Qc3 Ng4+ 38. Kg1 Ne5 1/2-1/2

[Event "Ukraine Chess Championship-2016 U12 (Boy"]
[Site "Bucha, Kyiv region"]
[Date "2016.05.24"]
[Round "8.4"]
[White "Mitusov, Semen"]
[Black "Domalchuk-Jonasson, Aleksandr"]
[Result "0-1"]
[WhiteElo "1608"]
[BlackElo "1496"]
[PlyCount "192"]
[EventDate "2016.05.18"]

1. e4 c5 2. c3 Nf6 3. e5 Nd5 4. d4 d6 5. Nf3 cxd4 6. cxd4 Nc6 7. Bc4 dxe5 8.
dxe5 Ndb4 9. Qb3 e6 10. O-O Na5 11. Qa4+ Bd7 12. Bb5 Bxb5 13. Qxb5+ Nac6 14.
Bg5 Be7 15. Bxe7 Qxe7 16. Nc3 a6 17. Qe2 O-O 18. Rfd1 Rad8 19. h3 h6 20. Qc4 b5
21. Qe4 Rxd1+ 22. Rxd1 Rd8 23. Nd4 Qc5 24. Nxc6 Rxd1+ 25. Nxd1 Nxc6 26. Ne3
Nxe5 27. b4 Qc1+ 28. Kh2 Qc7 29. g3 Qd6 30. a3 f5 31. Qa8+ Kh7 32. Kg2 Qc6+ 33.
Qxc6 Nxc6 34. f4 Kg6 35. g4 Kf6 36. gxf5 exf5 37. Nd5+ Kf7 38. Nc7 Nb8 39. h4
h5 40. Kf3 Ke7 41. Ke3 Kd7 42. Nd5 Kd6 43. Nc3 Nc6 44. Ne2 Nb8 45. Nd4 g6 46.
Nf3 Nd7 47. Kd4 Nf8 48. Ne5 Ne6+ 49. Ke3 Nf8 $11 50. Ke2 Ke6 51. Ke3 Kd6 52.
Kd2 Ke6 53. Kd3 Kd5 54. Ke3 Ne6 55. Nxg6 Kc4 56. Ne7 Nd4 57. Kd2 Kb3 58. Ke3
Ne6 59. Nxf5 Kxa3 60. Nd4 Nd8 61. f5 Kxb4 62. Ne6 Nf7 63. Ng5 Nh6 64. f6 Ng4+
65. Kf4 Nxf6 66. Kf5 Nd5 67. Ne6 a5 68. Ke5 Ne3 69. Nf4 a4 70. Ke4 a3 71. Nd3+
Kc3 72. Nc1 Ng2 73. Kf5 Nxh4+ 74. Kg5 Ng2 75. Kxh5 Nf4+ 76. Kg4 Nd3 77. Ne2+
Kb2 78. Nd4 a2 79. Nxb5 a1=Q 80. Nd6 Qg1+ 81. Kf5 Qf2+ 82. Ke6 Kb3 83. Kd5 Qc5+
84. Ke6 Qe5+ 85. Kd7 Kb4 86. Kc6 Nf4 87. Kd7 Kc5 88. Nb7+ Kd5 89. Nd8 Qd6+ 90.
Kc8 Ne6 91. Nxe6 Qxe6+ 92. Kc7 Qd6+ 93. Kb7 Qc6+ 94. Ka7 Qb5 95. Ka8 Kc6 96.
Ka7 Qb7# 0-1

[Event "Ukraine Chess Championship-2016 U12 (Boy"]
[Site "Bucha, Kyiv region"]
[Date "2016.05.25"]
[Round "9.1"]
[White "Bilych, Olexiy"]
[Black "Larkin, Vladislav"]
[Result "1/2-1/2"]
[WhiteElo "1886"]
[BlackElo "1915"]
[PlyCount "98"]
[EventDate "2016.05.18"]

1. e4 c6 2. d4 d5 3. exd5 cxd5 4. Bd3 Nc6 5. c3 Qc7 6. h3 Nf6 7. Nf3 g6 8. O-O
Bf5 9. Re1 Bxd3 10. Qxd3 Bg7 11. Nbd2 O-O 12. Nf1 e6 13. g3 Rac8 14. Bf4 Qb6
15. Qe2 Ne4 16. Rab1 Rfe8 17. Ne5 Nxe5 18. dxe5 f6 19. Be3 Qc7 20. exf6 Nxf6
21. Bf4 Qa5 22. Be5 Ne4 23. Bxg7 Kxg7 24. Nd2 Nf6 25. Nf3 Rc4 26. Qe5 Qc7 27.
Nd4 Qxe5 28. Rxe5 Kf7 29. Rbe1 Ne4 30. f3 Kf6 $11 31. Rxe6+ Rxe6 32. Nxe6 Kxe6
33. fxe4 dxe4 34. Kf2 Ke5 35. Rd1 Rc7 36. Ke2 Rf7 37. Rf1 $11 Rxf1 38. Kxf1 e3
39. Ke2 Ke4 40. c4 Kd4 41. h4 h5 42. c5 a5 43. b3 Ke4 44. a3 Kd4 45. b4 axb4
46. axb4 Kc4 47. Kxe3 Kxb4 48. Kd4 Kb5 49. Kd5 Kb4 $11 1/2-1/2

[Event "Ukraine Chess Championship-2016 U12 (Boy"]
[Site "Bucha, Kyiv region"]
[Date "2016.05.25"]
[Round "9.4"]
[White "Smirnov, Maksym"]
[Black "Mitusov, Semen"]
[Result "0-1"]
[WhiteElo "1548"]
[BlackElo "1608"]
[PlyCount "140"]
[EventDate "2016.05.18"]

1. e4 e5 2. Nf3 Nc6 3. Bc4 Bc5 4. c3 Qe7 5. d3 Nf6 6. Nbd2 d6 7. O-O h6 8. Re1
Bg4 9. Nf1 Nh5 10. b4 Bb6 11. a4 a6 12. h3 Bd7 13. Ne3 Bxe3 14. Bxe3 Nf6 15.
Qc2 g5 16. d4 Nh5 17. dxe5 dxe5 18. Rad1 Rd8 19. Bc5 Qf6 20. Bd5 Rb8 21. Bxc6
Bxc6 22. Nxe5 Qxe5 23. Bd4 Qe6 24. Bxh8 f6 25. e5 f5 26. Bf6 Kf7 27. Qd2 Bxa4
28. Rc1 Nf4 29. c4 Re8 30. h4 Qc6 31. f3 Kg6 32. hxg5 hxg5 33. Bxg5 Kxg5 34. g3
Qxf3 35. Qxf4+ Qxf4 36. gxf4+ Kxf4 37. e6 Re7 38. Kf2 Kg5 39. Re3 Kf6 40. Rce1
Bc6 41. Kg3 Rg7+ 42. Kf2 Be4 43. Rg3 Rh7 44. Ke3 Kxe6 45. Kd4 Rd7+ 46. Kc3 Ke5
47. Rg8 Rd3+ 48. Kb2 Kd4 49. Rg7 Kxc4 50. Rxc7+ Kxb4 51. Rxe4+ fxe4 52. Rxb7+
Kc5 53. Ra7 Rd6 54. Kc3 Re6 55. Kd2 e3+ 56. Ke2 Kb4 57. Rb7+ Ka4 58. Rb8 a5 59.
Ra8 Re5 60. Ra7 Ka3 61. Rb7 a4 62. Rb6 Re4 63. Rb5 Rb4 64. Re5 Rb3 65. Re4 Rc3
66. Re6 Kb2 67. Kd1 a3 68. Rb6+ Rb3 69. Rc6 a2 70. Rc2+ Ka3 0-1

[Event "Ukraine Chess Championship-2016 U12 (Bo"]
[Site "Bucha"]
[Date "2016.05.25"]
[Round "9.1"]
[White "Palchuk, Andrii"]
[Black "Melkumiants, Alexandr"]
[Result "1-0"]
[WhiteElo "1537"]
[BlackElo "1822"]
[PlyCount "65"]
[EventDate "2016.??.??"]

1. e4 c5 2. Nf3 g6 3. g3 Bg7 4. Bg2 Nc6 5. O-O Nf6 6. Re1 O-O 7. c3 Qb6 8. b3
d6 9. Bb2 e5 10. d4 exd4 11. cxd4 cxd4 12. Nxd4 Ng4 13. Nxc6 Bxb2 14. Ne7+ Kg7
15. Nd2 Qxf2+ 16. Kh1 Bxa1 17. Qxa1+ f6 18. Nc4 Qc5 19. h3 Nf2+ 20. Kh2 Be6 21.
Nd5 Bxd5 22. exd5 Rae8 23. Rxe8 Rxe8 24. Nd2 Re2 25. Nf3 Qc2 26. Nd4 Qxa2 27.
Qc1 Ng4+ 28. Kh1 Rxg2 29. Ne6+ Kf7 30. Qc7+ Ke8 31. Qd8+ Kf7 32. Qd7+ Kg8 33.
Qg7# 1-0

[Event "Ukraine Chess Championship-2016 U12 (Boy"]
[Site "Bucha, Kyiv region"]
[Date "2016.05.25"]
[Round "9.6"]
[White "Bondar, Dmytro"]
[Black "Ovsepyan, Marat"]
[Result "1/2-1/2"]
[WhiteElo "1906"]
[BlackElo "1832"]
[PlyCount "88"]
[EventDate "2016.05.18"]

1. e4 c5 2. Nf3 Nc6 3. d4 cxd4 4. Nxd4 g6 5. c4 Bg7 6. Be3 d6 7. Nc3 Nf6 8. Be2
Bd7 9. O-O O-O 10. Nc2 Ne8 11. Qd2 Qa5 12. Nd5 Qxd2 13. Bxd2 e6 14. Nc3 Ne7 15.
Rad1 Bc6 16. Bf3 Rd8 17. Bg5 f6 18. Be3 b6 19. Nd4 Nc7 20. Rd2 Rd7 21. Rfd1
Rfd8 22. h4 Kf7 23. g3 Bf8 24. Kg2 Bg7 25. g4 Bf8 26. g5 Bg7 27. a4 Bh8 28. Kh3
Bg7 29. Kg2 Bh8 30. Ndb5 Nxb5 $11 31. Nxb5 Nc8 32. Bf4 Ke7 33. gxf6+ Bxf6 34.
Bg5 Bxb5 35. axb5 Rc7 36. b3 Bxg5 37. hxg5 Rc5 38. Kg3 Rxg5+ 39. Kf4 Rc5 $11
40. Rh1 h5 41. Rg1 Kf6 42. Ke3 Ne7 43. Rgd1 Nc8 44. Be2 Rh8 $11 1/2-1/2

[Event "Ukraine Chess Championship-2016 U12 (Boy"]
[Site "Bucha, Kyiv region"]
[Date "2016.05.26"]
[Round "10.1"]
[White "Larkin, Vladislav"]
[Black "Ovsepyan, Marat"]
[Result "1-0"]
[WhiteElo "1915"]
[BlackElo "1832"]
[PlyCount "85"]
[EventDate "2016.05.18"]

1. d4 Nf6 2. Nf3 g6 3. Bf4 Bg7 4. h3 d6 5. e3 c6 6. c3 O-O 7. Bc4 Nbd7 8. a4
Qc7 9. O-O Nb6 10. Bb3 Bf5 11. Nbd2 Ne4 12. a5 Nd5 13. Bh2 Qd7 14. Nxe4 Bxe4
15. Nd2 Nf6 16. Nxe4 Nxe4 17. f3 Ng5 18. e4 Rad8 19. Qd2 Ne6 20. f4 Nc7 21. f5
Kh8 22. Rf2 d5 23. Bxc7 Qxc7 24. e5 f6 25. e6 Qg3 26. Bc2 Rd6 27. Rf3 Qg5 28.
Qd3 gxf5 29. Rxf5 Qh4 30. g4 Rxe6 $11 31. Rh5 Qxh5 32. gxh5 Re4 33. Qf3 f5 34.
Bxe4 fxe4 35. Qe2 Rf3 36. Rf1 Rxh3 37. Qg4 Rg3+ 38. Qxg3 e5 39. dxe5 e3 40. Rf7
Bh6 41. e6 e2 42. Qb8+ Bf8 43. Qxf8# 1-0

[Event "Ukraine Chess Championship-2016 U12 (Boy"]
[Site "Bucha, Kyiv region"]
[Date "2016.05.26"]
[Round "10.2"]
[White "Melkumiants, Alexandr"]
[Black "Bondar, Dmytro"]
[Result "0-1"]
[WhiteElo "1822"]
[BlackElo "1906"]
[PlyCount "78"]
[EventDate "2016.05.18"]

1. c4 c6 2. Nc3 d5 3. cxd5 cxd5 4. d4 Nf6 5. Nf3 Nc6 6. Bf4 a6 7. Rc1 Bg4 8.
Ne5 e6 9. Nxg4 Nxg4 10. e3 Nf6 11. Bd3 Bd6 12. Bxd6 Qxd6 13. O-O O-O 14. a3 b5
15. e4 Nxd4 16. exd5 exd5 17. Bxh7+ Kxh7 18. Qxd4 Rad8 19. Rcd1 Rfe8 20. Rfe1
Re6 21. Re3 Rde8 22. Rde1 Rxe3 23. Rxe3 Rxe3 24. fxe3 Qe6 25. Qh4+ Kg8 26. Qf4
Ne4 27. Nxe4 dxe4 28. Qb8+ Kh7 29. Qd8 g6 30. Qd4 Qc6 31. Qc3 Qxc3 32. bxc3 Kg7
33. Kf2 Kf6 34. Ke2 Ke5 35. Kd2 Kd5 36. g3 Kc4 37. Kc2 f5 38. h3 a5 39. h4 a4
0-1

[Event "Ukraine Chess Championship-2016 U12 (Boy"]
[Site "Bucha, Kyiv region"]
[Date "2016.05.26"]
[Round "10.3"]
[White "Mitusov, Semen"]
[Black "Palchuk, Andrii"]
[Result "1/2-1/2"]
[WhiteElo "1608"]
[BlackElo "1537"]
[PlyCount "147"]
[EventDate "2016.05.18"]

1. e4 c5 2. c3 d5 3. exd5 Qxd5 4. d4 Nf6 5. Nf3 e6 6. Be3 cxd4 7. cxd4 Bb4+ 8.
Nc3 O-O 9. Bd3 b6 10. O-O Bxc3 11. bxc3 Ba6 12. Bxa6 Nxa6 13. Ne5 Rac8 14. Qa4
Qb7 15. c4 Nb8 16. Rab1 Nbd7 17. c5 Nxe5 18. dxe5 Nd5 19. cxb6 axb6 20. Bd2 Qc6
21. Qxc6 Rxc6 22. a4 Rc4 23. Ra1 Rfc8 24. Rfb1 Ra8 25. a5 bxa5 26. Rxa5 Rac8
27. Ra2 Kf8 28. g3 Re4 29. f4 Rec4 30. Rb7 R4c7 31. Bb4+ Nxb4 32. Rxb4 Rc1+ 33.
Kg2 R8c2+ 34. Rxc2 Rxc2+ 35. Kh3 g6 36. g4 Kg7 37. Rb3 h6 38. Kg3 Re2 39. h4
Re1 40. Rb4 Rg1+ 41. Kf3 h5 42. gxh5 gxh5 43. Rb2 Rg4 44. Rg2 Rxg2 45. Kxg2 Kg6
$11 46. Kf2 f6 47. exf6 Kxf6 48. Ke3 Kg6 49. Ke4 Kf6 50. Ke3 Ke7 51. Kd4 Kf6
52. Ke4 Kg6 53. Ke5 Kf7 54. Kd4 Ke7 55. Ke3 Kf7 56. Kd4 Kg6 57. Ke5 Kf7 58. f5
exf5 59. Kxf5 Kg7 60. Kg5 Kh7 61. Kf6 Kg8 62. Kg6 Kh8 63. Kxh5 Kh7 64. Kg5 Kg7
65. Kf5 Kh7 66. h5 Kh6 67. Kg4 Kg7 68. Kg5 Kf8 69. Kg6 Kg8 70. Kh6 Kh8 71. Kg5
Kg7 72. Kf5 Kh7 73. Kg4 Kh6 74. Kh4 1/2-1/2